Muslim Politics in the Punjab (Record no. 6863)

MARC details
000 -LEADER
fixed length control field 00628nam a2200253 a 4500
020 ## - INTERNATIONAL STANDARD BOOK NUMBER
ISBN
082 00 - DEWEY DECIMAL CLASSIFICATION NUMBER
Classification number 323.39710954
Author Cutter RAK
100 ## - MAIN ENTRY--AUTHOR NAME
Author name Rakkar, J S
245 ## - TITLE STATEMENT
Title Muslim Politics in the Punjab
260 ## - PUBLICATION, DISTRIBUTION, ETC. (IMPRINT)
Place of publication New Delhi
Name of publisher Deep & Deep Publications
Year of publication 1985
300 ## - PHYSICAL DESCRIPTION
Number of Pages 359p
500 ## - GENERAL NOTE
General note includes index and biblioraphy
505 2# - FORMATTED CONTENTS NOTE
Formatted contents note Bibliography
650 ## - SUBJECT ADDED ENTRY--TOPICAL TERM
Topical Term Muslims-India-Politics
650 ## - SUBJECT ADDED ENTRY--TOPICAL TERM
Topical Term Punjab-Muslims
942 ## - ADDED ENTRY ELEMENTS (KOHA)
Koha item type Books
700 1# -
-- Rakkar, J S
Holdings
Collection code Home library Current library Date acquired Cost, normal purchase price Full call number Accession Number Koha item type
  Henry Martyn Institute Library Henry Martyn Institute Library 04/10/2007 200.00 323.39710954 RAK 012509 Books
                   Copyright © 2026 | Henry Martyn Institute | Hyderabad | TS-500052 | INDIA | Implemented by hmi.edu.in
Hit-Count:

Powered by Koha